Statystyki dla Wszyscy piłkarze PKO BP Ekstraklasy - 2023/24

Kliknij tutaj aby rozwiązać quiz!

Ogólne statystyki

  • Ten quiz został rozwiązany 135 razy
    (73 od ostatniego zresetowania)
  • Średni wynik to 131 z 445

Statystyki odpowiedzi

HintOdpowiedź% Poprawnych
Legia WarszawaKacper Tobiasz
91%
Pogoń SzczecinKamil Grosicki
85%
Lech PoznańMikael Ishak
85%
Śląsk WrocławErik Expósito
82%
Legia WarszawaJosué
82%
Jagiellonia BiałystokJesús Imaz
73%
Górnik ZabrzeLukas Podolski
73%
Widzew ŁódźRafał Gikiewicz
73%
Jagiellonia BiałystokAfimico Pululu
70%
Legia WarszawaArtur Jędrzejczyk
70%
Lech PoznańBartosz Salamon
70%
Lech PoznańFilip Marchwiński
70%
Legia WarszawaMaciej Rosołek
70%
Zagłębie LubinMarek Mróz
70%
Lech PoznańBartosz Mrozek
67%
Legia WarszawaMarc Gual
67%
Raków CzęstochowaAdnan Kovačević
64%
Widzew ŁódźBartłomiej Pawłowski
64%
Legia WarszawaBartosz Kapustka
64%
ŁKS ŁódźDani Ramírez
64%
Legia WarszawaDominik Hładun
64%
Lech PoznańFilip Bednarek
64%
Jagiellonia BiałystokTaras Romanczuk
64%
Legia WarszawaTomáš Pekhart
64%
Raków CzęstochowaVladan Kovačević
64%
ŁKS ŁódźAlexander Bobek
61%
Ruch ChorzówDante Stipica
61%
Radomiak RadomDawid Abramowicz
61%
Legia WarszawaRafał Augustyniak
61%
Śląsk WrocławRafał Leszczyński
61%
Jagiellonia BiałystokSławomir Abramowicz
61%
Warta PoznańAdrian Lis
58%
Raków CzęstochowaBartosz Nowak
58%
Ruch ChorzówDaniel Szczepan
58%
Jagiellonia BiałystokDominik Marczuk
58%
ŁKS ŁódźEngjëll Hoti
58%
Piast GliwiceFabian Piasecki
58%
Warta PoznańKajetan Szmyt
58%
ŁKS ŁódźKay Tejan
58%
Stal MielecMateusz Kochalski
58%
Puszcza NiepołomiceOliwier Zych
58%
Lech PoznańAlan Czerwiński
55%
Jagiellonia BiałystokBartłomiej Wdowik
55%
Lech PoznańFilip Szymczak
55%
Radomiak RadomGabriel Kobylak
55%
Piast GliwiceJakub Czerwiński
55%
Warta PoznańJędrzej Grobelny
55%
CracoviaKamil Glik
55%
Legia WarszawaPaweł Wszołek
55%
Jagiellonia BiałystokZlatan Alomerović
55%
Raków CzęstochowaAnte Crnac
52%
CracoviaBenjamin Kallman
52%
Górnik ZabrzeDaniel Bielica
52%
Widzew ŁódźDominik Kun
52%
Piast GliwiceFrantisek Plach
52%
Raków CzęstochowaFran Tudor
52%
Raków CzęstochowaIvi López
52%
Lech PoznańJoel Pereira
52%
Puszcza NiepołomiceKamil Zapolnik
52%
Lech PoznańKristoffer Velde
52%
Radomiak RadomLeonardo Rocha
52%
Legia WarszawaPatryk Kun
52%
Legia WarszawaRadovan Pankov
52%
Pogoń SzczecinValentin Cojocaru
52%
Korona KielceXavier Dziekoński
52%
Lech PoznańAdriel Ba Loua
48%
Zagłębie LubinDamian Dąbrowski
48%
Raków CzęstochowaJohn Yeboah
48%
Piast GliwicePatryk Dziczek
48%
Śląsk WrocławPiotr Samiec-Talar
48%
Piast GliwiceAriel Mosór
45%
Zagłębie LubinDawid Kurminowski
45%
Widzew ŁódźFran Álvarez
45%
Widzew ŁódźJordi Sánchez
45%
Piast GliwiceKamil Wilczek
45%
Piast GliwiceKarol Szymański
45%
Puszcza NiepołomiceKewin Komar
45%
Stal MielecLeandro
45%
Śląsk WrocławŁukasz Bejger
45%
Pogoń SzczecinMariusz Malec
45%
CracoviaMichał Rakoczy
45%
Stal MielecPrzemysław Maj
45%
Górnik ZabrzeRafał Janicki
45%
Radomiak RadomRafał Wolski
45%
CracoviaSebastian Madejski
45%
Widzew ŁódźSerafin Szota
45%
Ruch ChorzówSzymon Szymański
45%
Górnik ZabrzeAdrian Kapralik
42%
Widzew ŁódźAntoni Klimek
42%
Puszcza NiepołomiceArtur Crăciun
42%
Raków CzęstochowaBen Lederman
42%
Legia WarszawaBlaž Kramer
42%
Piast GliwiceDamian Kądzior
42%
Górnik ZabrzeErik Janza
42%
Ruch ChorzówFilip Starzyński
42%
ŁKS ŁódźHusein Balić
42%
Legia WarszawaJuergen Elitim
42%
Raków CzęstochowaKacper Bieszczad
42%
Stal MielecKrystian Getinger
42%
Górnik ZabrzeLawrence Ennali
42%
Pogoń SzczecinMarcel Wędrychowski
42%
CracoviaPatryk Makuch
42%
Pogoń SzczecinRafał Kurzawa
42%
Zagłębie LubinSokratis Dioudis
42%
Raków CzęstochowaZoran Arsenić
42%
Jagiellonia BiałystokAdrián Diéguez
39%
Lech PoznańArtur Sobiech
39%
Pogoń SzczecinBenedikt Zech
39%
Pogoń SzczecinEfthymios Koulouris
39%
Lech PoznańElias Andersson
39%
Radomiak RadomFilip Majchrowicz
39%
Stal MielecIlya Shkurin
39%
Lech PoznańJesper Karlström
39%
Korona KielceKonrad Forenc
39%
Jagiellonia BiałystokKristoffer Hansen
39%
Radomiak RadomLisandro Semedo
39%
Raków CzęstochowaŁukasz Zwoliński
39%
Radomiak RadomLuka Vusković
39%
Pogoń SzczecinLuka Zahović
39%
Zagłębie LubinMateusz Wdowiak
39%
Widzew ŁódźMateusz Żyro
39%
Lech PoznańMiha Blažič
39%
Jagiellonia BiałystokNené
39%
Puszcza NiepołomiceRoman Yakuba
39%
Legia WarszawaSteve Kapuadi
39%
Legia WarszawaYuri Ribeiro
39%
Pogoń SzczecinAdrian Przyborek
36%
Lech PoznańAlfonso Sousa
36%
Lech PoznańAli Gholizadeh
36%
Piast GliwiceArkadiusz Pyrka
36%
Lech PoznańBarry Douglas
36%
Zagłębie LubinBartłomiej Kłudka
36%
Warta PoznańBogdan Țîru
36%
ŁKS ŁódźDawid Arndt
36%
Warta PoznańDawid Szymonowicz
36%
Lech PoznańDino Hotić
36%
Górnik ZabrzeDominik Szala
36%
Pogoń SzczecinFredrik Ulvestad
36%
Stal MielecKoki Hinokio
36%
Radomiak RadomLeândro Rossi
36%
Puszcza NiepołomiceŁukasz Solowiej
36%
Stal MielecMaksymilian Pingot
36%
Śląsk WrocławMatias Nahuel
36%
Ruch ChorzówMiłosz Kozak
36%
Korona KielceMiłosz Trojak
36%
Lech PoznańNika Kvekveskiri
36%
Śląsk WrocławPatryk Klimala
36%
Stal MielecPiotr Wlazło
36%
ŁKS ŁódźPirulo
36%
ŁKS ŁódźRahil Mammadov
36%
Radomiak RadomRaphael Rossi
36%
Górnik ZabrzeSebastian Musiolik
36%
Pogoń SzczecinAlexander Gorgon
33%
Śląsk WrocławAlex Petkov
33%
Lech PoznańAntonio Milić
33%
Pogoń SzczecinBartosz Klebaniuk
33%
Legia WarszawaGil Dias
33%
Widzew ŁódźImad Rondić
33%
Warta PoznańJakub Bartkowski
33%
Radomiak RadomJan Grzesik
33%
Zagłębie LubinJasmin Burić
33%
Raków CzęstochowaJean Carlos Silva
33%
Piast GliwiceJorge Félix
33%
Zagłębie LubinKacper Chodyna
33%
CracoviaKarol Knap
33%
Pogoń SzczecinLeonardo Koutris
33%
Jagiellonia BiałystokMateusz Skrzypczak
33%
Puszcza NiepołomiceMichał Koj
33%
CracoviaOtar Kakabadze
33%
Korona KielcePiotr Malarczyk
33%
Piast GliwiceTomáš Huk
33%
Zagłębie LubinTomasz Pieńko
33%
Ruch ChorzówTomasz Wójtowicz
33%
Śląsk WrocławYegor Matsenko
33%
Korona KielceYevgeniy Shikavka
33%
Ruch ChorzówAdam Vlkanova
30%
Korona KielceAdrián Dalmau
30%
Zagłębie LubinAleks Ławniczak
30%
ŁKS ŁódźAntoni Młynarczyk
30%
Puszcza NiepołomiceArtur Siemaszko
30%
Zagłębie LubinBartosz Kopacz
30%
Widzew ŁódźErnest Terpilowski
30%
Legia WarszawaFilip Rejczyk
30%
Piast GliwiceGrzegorz Tomasiewicz
30%
Stal MielecIgor Strzałek
30%
Raków CzęstochowaJakub Myszor
30%
Puszcza NiepołomiceJakub Serafin
30%
Radomiak RadomJardel
30%
Jagiellonia BiałystokJarosław Kubicki
30%
ŁKS ŁódźKamil Dankowski
30%
Górnik ZabrzeKamil Lukoszek
30%
Pogoń SzczecinLinus Wahlqvist
30%
Widzew ŁódźLuís Silva
30%
Stal MielecMaciej Domański
30%
Raków CzęstochowaMarcin Cebula
30%
Legia WarszawaMarco Burch
30%
Widzew ŁódźMarek Hanousek
30%
Korona KielceMariusz Fornalczyk
30%
Warta PoznańMárton Eppel
30%
Piast GliwiceMichael Ameyaw
30%
Lech PoznańMichał Gurgul
30%
Zagłębie LubinMichał Nalepa
30%
Jagiellonia BiałystokMichal Sáček
30%
Puszcza NiepołomiceMichał Walski
30%
Śląsk WrocławPatrick Olsen
30%
CracoviaPaweł Jaroszyński
30%
Śląsk WrocławPetr Schwarz
30%
Legia WarszawaQendrim Zyba
30%
Legia WarszawaRyoya Morishita
30%
Górnik ZabrzeSoichiro Kozuki
30%
Ruch ChorzówSoma Novothny
30%
Ruch ChorzówTomasz Foszmanczyk
30%
Puszcza NiepołomiceWojciech Hajda
30%
ŁKS ŁódźAdam Marciniak
27%
Widzew ŁódźAndrejs Ciganiks
27%
CracoviaCornel Rapa
27%
Radomiak RadomDamian Jakubik
27%
Górnik ZabrzeDani Pacheco
27%
Korona KielceDanny Trejo
27%
Widzew ŁódźFábio Nunes
27%
Lech PoznańFilip Dagerstål
27%
Korona KielceJacek Podgórski
27%
Ruch ChorzówJakub Bielecki
27%
Puszcza NiepołomiceJordan Majchrzak
27%
Ruch ChorzówJosema
27%
Jagiellonia BiałystokJosé Naranjo
27%
Widzew ŁódźJuan Ibiza
27%
Górnik ZabrzeKryspin Szcześniak
27%
Pogoń SzczecinLéo Borges
27%
Radomiak RadomLuizão
27%
Warta PoznańMaciej Żurawski
27%
Korona KielceMartin Remacle
27%
Stal MielecMateusz Matras
27%
Ruch ChorzówMichał Buchalik
27%
Ruch ChorzówMichał Feliks
27%
Radomiak RadomMichał Kaput
27%
ŁKS ŁódźMichał Mokrzycki
27%
Warta PoznańMiguel Luís
27%
Pogoń SzczecinPatryk Paryzek
27%
Ruch ChorzówPatryk Stępiński
27%
Widzew ŁódźPaweł Kwiatkowski
27%
Widzew ŁódźPaweł Zieliński
27%
ŁKS ŁódźPiotr Głowacki
27%
Górnik ZabrzePiotr Krawczyk
27%
Piast GliwicePiotr Urbański
27%
Ruch ChorzówPrzemysław Szur
27%
Ruch ChorzówRobert Dadok
27%
Widzew ŁódźSebastian Kerk
27%
Śląsk WrocławSimeon Petrov
27%
Górnik ZabrzeSzymon Czyż
27%
Legia WarszawaWojciech Urbański
27%
Raków CzęstochowaDawid Drachal
24%
Korona KielceDominick Zator
24%
Raków CzęstochowaErick Otieno
24%
Ruch ChorzówFilip Wilak
24%
Raków CzęstochowaGustav Berggren
24%
ŁKS ŁódźJakub Letniowski
24%
Zagłębie LubinJuan Muñoz
24%
Ruch ChorzówJuliusz Letniowski
24%
Jagiellonia BiałystokKaan Caliskaner
24%
Pogoń SzczecinKacper Smoliński
24%
Stal MielecKrzysztof Wolkowicz
24%
Stal MielecŁukasz Wolsztyński
24%
Ruch ChorzówMaciej Sadlok
24%
ŁKS ŁódźMarcin Flis
24%
Śląsk WrocławMartin Konczkowski
24%
Puszcza NiepołomiceMateusz Cholewiak
24%
Radomiak RadomMateusz Cichocki
24%
Zagłębie LubinMateusz Grzybek
24%
Piast GliwiceMiguel Muñoz
24%
Raków CzęstochowaMilan Rundić
24%
Puszcza NiepołomicePiort Mroziński
24%
Raków CzęstochowaStratos Svarnas
24%
Zagłębie LubinSzymon Weirauch
24%
Warta PoznańTomáš Přikryl
24%
Raków CzęstochowaVladyslav Kochergin
24%
Raków CzęstochowaBogdan Racovițan
21%
Górnik ZabrzeBoris Sekulić
21%
Górnik ZabrzeDamian Rasak
21%
Korona KielceDaniel Bak
21%
Pogoń SzczecinDanijel Lončar
21%
Warta PoznańDario Vizinger
21%
Widzew ŁódźDawid Tkacz
21%
CracoviaJani Atanasov
21%
Pogoń SzczecinJoão Gamboa
21%
Legia WarszawaJurgen Çelhaka
21%
Puszcza NiepołomiceKonrad Stępień
21%
Zagłębie LubinLuís Mata
21%
Stal MielecŁukasz Gerstenstein
21%
Ruch ChorzówMateusz Bartolewski
21%
Stal MielecMateusz Stępień
21%
Śląsk WrocławMateusz Żukowski
21%
Widzew ŁódźMato Milos
21%
Ruch ChorzówPatryk Sikora
21%
CracoviaTakuto Oshima
21%
Jagiellonia BiałystokTomasz Kupisz
21%
Zagłębie LubinTomasz Makowski
21%
Piast GliwiceTomasz Mokwa
21%
Piast GliwiceTom Hateley
21%
Pogoń SzczecinWojciech Lisowski
21%
Stal MielecBert Esselink
18%
CracoviaDavíð Kristján Ólafsson
18%
Warta PoznańFilip Borowski
18%
Puszcza NiepołomiceHubert Tomalski
18%
Puszcza NiepołomiceJakub Bartosz
18%
Warta PoznańJakub Kiełb
18%
Jagiellonia BiałystokJakub Lewicki
18%
Widzew ŁódźJan Krzywański
18%
ŁKS ŁódźJędrzej Zając
18%
Puszcza NiepołomiceJin-Hyun Lee
18%
Widzew ŁódźJuljan Shehu
18%
Ruch ChorzówKacper Michalski
18%
Śląsk WrocławKacper Trelowski
18%
Widzew ŁódźKamil Cybulski
18%
Górnik ZabrzeKonstantinos Triantafyllopoulos
18%
Warta PoznańMateusz Kupczak
18%
Radomiak RadomMike Cestor
18%
Piast GliwiceMiłosz Szczepański
18%
Śląsk WrocławPatryk Janasik
18%
CracoviaPatryk Sokołowski
18%
Górnik ZabrzePaweł Olkowski
18%
ŁKS ŁódźPiotr Janczukowicz
18%
ŁKS ŁódźRiza Durmisi
18%
CracoviaVirgil Ghiță
18%
Jagiellonia BiałystokWojciech Laski
18%
CracoviaAndreas Skovgaard
15%
Jagiellonia BiałystokAurelien Nguiamba
15%
Puszcza NiepołomiceBartłomiej Poczobut
15%
ŁKS ŁódźBartosz Szeliga
15%
Jagiellonia BiałystokBojan Nastić
15%
Radomiak RadomBruno Jordão
15%
Warta PoznańDimitrios Stavropoulos
15%
Puszcza NiepołomiceFilip Gil
15%
Raków CzęstochowaGiannis Papanikolaou
15%
Piast GliwiceJakub Holúbek
15%
Jagiellonia BiałystokJetmir Haliti
15%
Raków CzęstochowaKamil Pestka
15%
Warta PoznańKonrad Matuszewski
15%
Widzew ŁódźLirim Kastrati
15%
Stal MielecMarco Ehmann
15%
Korona KielceMarcus Godinho
15%
Zagłębie LubinMarko Poletanović
15%
Piast GliwiceMichał Chrapek
15%
Warta PoznańMohamed Mezghrani
15%
Warta PoznańNiilo Maenpaa
15%
Widzew ŁódźNoah Diliberto
15%
Śląsk WrocławPeter Pokorny
15%
Piast GliwiceSergiy Krykun
15%
Ruch ChorzówTomás Podstawski
15%
Radomiak RadomVagner
15%
Korona KielceYoav Hofmayster
15%
Śląsk WrocławAleksander Paluszek
12%
Stal MielecAlvis Jaunzems
12%
ŁKS ŁódźArtemijus Tutyškinas
12%
CracoviaArttu Hoskonen
12%
Radomiak RadomChristos Donis
12%
Zagłębie LubinDamjan Bohar
12%
Śląsk WrocławDaniel Łukasik
12%
Radomiak RadomDaniel Pik
12%
Korona KielceDawid Błanik
12%
Jagiellonia BiałystokDusan Stojinović
12%
Widzew ŁódźFilip Przybulek
12%
Widzew ŁódźIgnacy Dawid
12%
Puszcza NiepołomiceIoan-Călin Revenco
12%
ŁKS ŁódźLevent Gulen
12%
Górnik ZabrzeMichal Siplak
12%
Ruch ChorzówMike Huras
12%
Górnik ZabrzeNorbert Barczak
12%
Pogoń SzczecinOlaf Korczakowski
12%
Warta PoznańStefan Savić
12%
ŁKS ŁódźStipe Jurić
12%
Puszcza NiepołomiceThiago
12%
Puszcza NiepołomiceTomasz Wojcinowicz
12%
Pogoń SzczecinVahan Bichakhchyan
12%
Ruch ChorzówWiktor Długosz
12%
ŁKS ŁódźAdrien Louveau
9%
Zagłębie LubinArkadiusz Woźniak
9%
Ruch ChorzówBartłomiej Barański
9%
CracoviaEneo Bitri
9%
CracoviaJakub Jugas
9%
Korona KielceJakub Konstantyn
9%
Radomiak RadomJakub Snopczyński
9%
ŁKS ŁódźJan Łabędzki
9%
Stal MielecKamil Pajnowski
9%
Śląsk WrocławKenneth Zohore
9%
Radomiak RadomKrystian Okoniewski
9%
Jagiellonia BiałystokKrzysztof Toporkiewicz
9%
Puszcza NiepołomiceMaciej Firlej
9%
Korona KielceMarcel Pieczek
9%
CracoviaMateusz Bochniak
9%
Korona KielceMateusz Czyżycki
9%
Śląsk WrocławMichał Rzuchowski
9%
CracoviaMikkel Maigaard
9%
Zagłębie LubinPatryk Kusztal
9%
Raków CzęstochowaPeter Barath
9%
Lech PoznańRadosław Murański
9%
Stal MielecRafa Santos
9%
Ruch ChorzówRemigiusz Szywacz
9%
Raków CzęstochowaSrđan Plavšić
9%
ŁKS ŁódźYadegar Rostami
9%
ŁKS ŁódźAnton Fase
6%
Śląsk WrocławBurak İnce
6%
Jagiellonia BiałystokDamian Wojdakowski
6%
CracoviaFilip Rozga
6%
CracoviaKacper Śmiglewski
6%
Stal MielecKai Meriluoto
6%
Korona KielceMarius Briceag
6%
Stal MielecMatthew Guillaumier
6%
Puszcza NiepołomiceMuris Mesanović
6%
Śląsk WrocławPatryk Szwedzik
6%
Jagiellonia BiałystokPaweł Olszewski
6%
Puszcza NiepołomiceRok Kidrič
6%
Zagłębie LubinSergiy Buletsa
6%
ŁKS ŁódźThiago Ceijas
6%
Radomiak RadomTiago Matos
6%
Jagiellonia BiałystokVinícius Matheus
6%
Śląsk WrocławAlen Mustafić
3%
CracoviaBartłomiej Kolec
3%
Korona KielceBartosz Kwieciński
3%
Korona KielceDalibor Takáč
3%
Korona KielceDavid González
3%
Górnik ZabrzeFilipe Nascimiento
3%
Zagłębie LubinFilip Kocaba
3%
Puszcza NiepołomiceIgor Pieprzyca
3%
Puszcza NiepołomiceJakub Stec
3%
Ruch ChorzówJan Sedlák
3%
CracoviaKacper Jodłowski
3%
CracoviaKamil Ogorzały
3%
Puszcza NiepołomiceKrzysztof Wróblewski
3%
ŁKS ŁódźMaciej Śliwa
3%
Warta PoznańMichał Kopczyński
3%
ŁKS ŁódźOliwier Sławiński
3%
ŁKS ŁódźOskar Koprowski
3%
Raków CzęstochowaPatryk Malamis
3%
Puszcza NiepołomiceAdam Kramarz
0%
Ruch ChorzówArtur Plaskowski
0%
CracoviaFabian Bzdyl
0%
Stal MielecIon Gheorghe
0%
Warta PoznańJakub Paszkowski
0%
Puszcza NiepołomiceKacper Cichoń
0%
Śląsk WrocławKrzysztof Kurowski
0%
Piast GliwiceMarcel Bykowski
0%
Korona KielceMiłosz Strzeboński
0%
Piast GliwicePiotr Liszewski
0%
Piast GliwiceTihomir Kostadinov
0%

Rozkład punktacji

Percentyl według liczby udzielonych odpowiedzi

Procent ludzi z każdym wynikiem

Twoja historia wyników

Nie rozwiązałeś tego quizu od ostatniego zresetowania